Movies Quiz

Random Movies or Letter Quiz

'D' Movies by Picture II Quiz Stats

 Plays Quiz Updated Dec 15, 2016

Support Sporcle.
Go Orange.
Score 0/25 Timer 06:00
10 Plays Today
Movie % Correct
Dodgeball...
91.6%
The Devil Wears Prada
86.5%
Driving Miss Daisy
82.5%
Dreamgirls
72.4%
Doctor Dolittle
72.3%
Dead Poets Society
64.5%
Die Another Day
53.3%
Days of Thunder
50.5%
The Day After Tomorrow
50%
The Doors
49.3%
Desperado
42.2%
District 9
40.1%
Deliverance
39.7%
Movie % Correct
Dick Tracy
38.4%
Dead Man Walking
38.3%
Deuce Bigalow: Male Gigolo
34.8%
Donnie Brasco
33.2%
Demolition Man
31.7%
Deep Impact
28.9%
Das Boot
22.9%
Do the Right Thing
22.8%
Diary of a Wimpy Kid
22.1%
Death to Smoochy
20.2%
Death Proof
14.6%
The Dilemma
10.5%

You're not logged in!

Compare scores with friends on all Sporcle quizzes.
OR
Log In
Forgot?

From the Vault

Four Letter Name Words

by seanpat0

Not those kind of four letter words.
Remove Ads.
Support Sporcle.
Get the best of Sporcle when you Go Orange. This ad-free experience offers more features, more stats, and more fun while also helping to support Sporcle. Thank you for becoming a member.

Show Comments

Extras

Top Quizzes Today


Score Distribution

Your Account Isn't Verified!

In order to create a playlist on Sporcle, you need to verify the email address you used during registration. Go to your Sporcle Settings to finish the process.

Report this User

Report this user for behavior that violates our Community Guidelines.

Details: